|
|
|
|
| LEADER |
00000cam a2200000 7i4500 |
| 001 |
0000000237 |
| 005 |
20000722.0 |
| 020 |
0 |
0 |
|a 9839592491
|
| 090 |
0 |
0 |
|a 582.0334
|b SIT 1995
|
| 100 |
0 |
0 |
|a SITI Asha Abu Bakar
|
| 245 |
1 |
0 |
|a Record of germination trials of dipterocarp seeds at FRIM, Kepong 1979-1994
|c by Siti Asha Abu Bakar, Ang Khoon Cheng & Zaiton Salleh
|
| 260 |
0 |
0 |
|a Kuala Lumpur :
|b FRIM ,
|c 1995
|
| 300 |
|
|
|a x, 161 p. :
|b col. ill. ;
|c 30 cm.
|
| 440 |
0 |
0 |
|a FRIM research data; n. 4
|
| 650 |
0 |
0 |
|a Dipterocarpaceae
|
| 650 |
0 |
0 |
|a Seeds
|x Research
|
| 650 |
0 |
0 |
|a Seeds
|x Viability
|
| 700 |
0 |
1 |
|a Ang
|h Khoon Cheng
|
| 700 |
0 |
1 |
|a Zaiton Salleh
|
| 999 |
|
|
|a 0000001450
|b Monograph
|c Open Shelf
|e Default branch
|